120 Traditional Stained Glass Patterns : (Record no. 583960)

MARC details
000 -LEADER
fixed length control field 00494nam a2200193 a 4500
008 - FIXED-LENGTH DATA ELEMENTS--GENERAL INFORMATION
fixed length control field 250826s1988##################000#0#eng##
020 ## - INTERNATIONAL STANDARD BOOK NUMBER
ISBN 9780486257945
082 04 - DEWEY DECIMAL CLASSIFICATION NUMBER
Classification number 748.50222
Item number SIB
100 1# - MAIN ENTRY--AUTHOR NAME
Personal name Sibbett, Ed,
245 10 - TITLE STATEMENT
Title 120 Traditional Stained Glass Patterns :
260 ## - PUBLICATION, DISTRIBUTION, ETC. (IMPRINT)
Name of publisher Courier Corporation,
Year of publication 1988.
300 ## - PHYSICAL DESCRIPTION
Number of Pages 68 pages
650 #0 - SUBJECT ADDED ENTRY--TOPICAL TERM
Topical Term Crafts & Hobbies.
942 ## - ADDED ENTRY ELEMENTS (KOHA)
Koha item type English Books
Holdings
Withdrawn status Lost status Damaged status Not for loan Home library Current library Shelving location Date acquired Full call number Accession Number Price effective from Koha item type
        Anna Centenary Library Anna Centenary Library 6TH FLOOR, B WING 26.08.2025 748.50222 SIB 401861 26.08.2025 English Books
        Anna Centenary Library Anna Centenary Library 6TH FLOOR, B WING 26.08.2025 748.50222 SIB 401860 26.08.2025 English Books

Find us on the map